000 00353 a2200169 4500
001 188185
020 _a978-85-60844-23-4
040 _cMagnum
100 _aGoulart, Mario
240 1 0 _aPai que voa
_lpor
245 1 0 _aPai que voa
300 _a88
362 0 _a2008
440 1 _aDimensão
697 _aLITERATURA INFANTO-JUVENIL
942 _cBK
999 _c188185
_d188185